Teenage women in the juvenile justice system: changing values

Guardado en:  
Detalles Bibliográficos
Otros Autores: Crow, Ruth (Editor) ; MacCarthy, Ginny (Editor)
Tipo de documento: Print Libro
Lenguaje:Inglés
Publicado: Tucson, Arizona New Directions for Young Women 1979
En:Año: 1979
Disponibilidad en Tübingen:Disponible en Tübingen.
UB: KB 10 A 747
Verificar disponibilidad: HBZ Gateway
Servicio de pedido Subito: Pedir ahora.
Palabras clave:

MARC

LEADER 00000cam a22000002c 4500
001 1093706198
003 DE-627
005 20251224220518.0
007 tu
008 910326s1979 xx ||||| 00| ||eng c
035 |a (DE-627)1093706198 
035 |a (DE-576)023706198 
035 |a (DE-599)BSZ023706198 
035 |a (OCoLC)05662199 
035 |a (DE-604)8043586252 
040 |a DE-627  |b ger  |c DE-627  |e rakwb 
041 |a eng 
082 0 |a 345.73/08088055 
245 0 0 |a Teenage women in the juvenile justice system  |b changing values  |c Ruth Crow; Ginny McCarthy, eds. 
264 1 |a Tucson, Arizona  |b New Directions for Young Women  |c 1979 
300 |a XII, 169 S. 
336 |a Text  |b txt  |2 rdacontent 
337 |a ohne Hilfsmittel zu benutzen  |b n  |2 rdamedia 
338 |a Band  |b nc  |2 rdacarrier 
583 1 |a Archivierung prüfen  |c 20200919  |f DE-640  |z 2  |2 pdager 
689 0 0 |d g  |0 (DE-588)4078704-7  |0 (DE-627)106076612  |0 (DE-576)209209682  |a USA  |2 gnd 
689 0 1 |d s  |0 (DE-588)4036871-3  |0 (DE-627)104253827  |0 (DE-576)209020989  |a Mädchen  |2 gnd 
689 0 2 |d s  |0 (DE-588)4028944-8  |0 (DE-627)106276417  |0 (DE-576)208980172  |a Jugendstrafvollzug  |2 gnd 
689 0 |5 (DE-627) 
700 1 |a Crow, Ruth  |e Hrsg.  |4 edt 
700 1 |a MacCarthy, Ginny  |e Hrsg.  |4 edt 
951 |a BO 
ELC |b 1 
LOK |0 000 xxxxxcx a22 zn 4500 
LOK |0 001 2161906461 
LOK |0 003 DE-627 
LOK |0 004 1093706198 
LOK |0 005 20020606000000 
LOK |0 008 910326||||||||||||||||ger||||||| 
LOK |0 040   |a DE-21  |c DE-627  |d DE-21 
LOK |0 852   |a DE-21 
LOK |0 852 1  |c KB 10 A 747  |9 00 
LOK |0 935   |a krim 
LOK |0 936ln  |a k4.2.4 
LOK |0 939   |a 26-03-91  |b l01 
ORI |a SA-MARC-krimdoka001.raw 
SIG |a UB: KB 10 A 747